000
00287nam a22001337a 4500
008
170907b xxu||||| |||| 00| 0 eng d
020
_a
9780696215889
041
_a
eng
080
_a
72
100
_a
41
101
_a
ARK
245
_a
FLOORING 1-2-3
_c
CUNNINGHAM,L.R
942
_2
udc
_c
BK
999
_c
26498
_d
26498